|
|
|
|
| LEADER |
00978nam a22002537a 4500 |
| 001 |
41738 |
| 003 |
BD-DhAAL |
| 005 |
20230924112113.0 |
| 008 |
230924t2023 bg a|||| |||| 00| 0 eng d |
| 020 |
|
|
|a 9789849764953
|
| 040 |
|
|
|a BD-DhAAL
|d BD-DhAAL
|
| 082 |
|
|
|a 891.4414
|
| 245 |
|
|
|a Gitabitan :
|b selected song- lyrics of Rabindranath Tagore /
|c Translated by Fakrul Alam.
|
| 260 |
|
|
|a Dhaka :
|b Journeyman books,
|c 2023.
|
| 300 |
|
|
|a xxiv,192 pages ;
|c 24 cm.
|
| 526 |
|
|
|a ENH
|
| 541 |
|
|
|a Development Book Agency
|e 41738
|
| 600 |
|
|
|a Tagore, Rabindranath,
|d 1861-1941.
|t Gitabitan.
|9 55550
|
| 650 |
|
|
|a Songs, Bengali
|z Bangladesh.
|
| 650 |
|
|
|a Songs, Bengali
|z India
|x History and criticism.
|9 55551
|
| 700 |
|
|
|a Alam, Fakrul
|
| 942 |
|
|
|2 ddc
|c BK
|
| 999 |
|
|
|c 46129
|d 46129
|
| 952 |
|
|
|0 0
|1 0
|2 ddc
|4 0
|6 891_441400000000000_GIT
|7 0
|9 74328
|a BRACUL
|b BRACUL
|c GEN
|d 2023-09-05
|e Development Book Agency
|g 560.00
|l 2
|m 2
|o 891.4414 GIT
|p 3010041738
|r 2025-01-15
|s 2024-12-28
|t 1
|v 560.00
|w 2023-09-05
|y BK
|